| 000 | 00673cam a2200265 a 4500 | ||
|---|---|---|---|
| 005 | 20260322212029.0 | ||
| 008 | data | ||
| 010 | _a 2007003923 | ||
| 020 | _a9780061343902 (pbk. bdg.) | ||
| 020 | _a0061343900 | ||
| 040 |
_aDLC _cDLC _dDLC |
||
| 042 | _alcac | ||
| 050 | 0 | 0 |
_aPN6727.P4685 _bB46 2007 |
| 082 | 0 | 0 |
_a741.5/973 _222 |
| 099 | _aPETRUS | ||
| 100 | 1 | _aPetrucha, Stefan. | |
| 245 | 1 | 0 |
_aBeowulf / _cStefan Petrucha & Kody Chamberlain. |
| 250 | _a1st ed. | ||
| 260 |
_aNew York : _bHarperTrophy, _cc2007. |
||
| 300 |
_a1 v. (unpaged) : _bcol. ill. ;c _c23 cm. |
||
| 655 | 0 | _aGraphic novels. | |
| 700 | 1 | _aChamberlain, Kody. | |
| 730 | 0 | _aBeowulf. | |
| 001 | data | ||
| 999 |
_c658 _d658 |
||